| 000 | 00578nam a22001817a 4500 | ||
|---|---|---|---|
| 005 | 20180830111337.0 | ||
| 010 | _aENG-123898 | ||
| 020 | _c150.00 | ||
| 035 | _aEN-107430 | ||
| 037 | _bDBAD/PUB | ||
| 082 | _a320.9545 | ||
| 100 | _aBiswas, Pranesh Chandra | ||
| 245 |
_aSocio-political insights into the north-eastern region of india/ _cby Pranesh Chandra Biswas |
||
| 260 |
_c2013 _aKolkata _bOriental Book Company (P) Ltd. |
||
| 270 |
_aHB-192, Sector-3, Salt Lake, _bKolkata _e700106 |
||
| 300 |
_c21cm.(Hb.) _a112p. |
||
| 942 |
_cEN _2ddc _mBIS _h320.9545 |
||
| 999 |
_c156597 _d156597 |
||